| 000 -LEADER |
| fixed length control field |
00478nam a22001457a 4500 |
| 082 ## - DEWEY DECIMAL CLASSIFICATION NUMBER |
| Classification number |
BA27x54 B927t |
| 100 ## - MAIN ENTRY--PERSONAL NAME |
| Personal name |
B.K. Roy Burman |
| 9 (RLIN) |
4163 |
| 245 ## - TITLE STATEMENT |
| Title |
Tribal situation and approach to tribal problems in India |
| Statement of responsibility, etc |
Burman, B.K. Roy |
| 260 ## - PUBLICATION, DISTRIBUTION, ETC. (IMPRINT) |
| Place of publication, distribution, etc |
New Delhi |
| Name of publisher, distributor, etc |
Rajiv Gandhi Foundation |
| Date of publication, distribution, etc |
1996 |
| 300 ## - PHYSICAL DESCRIPTION |
| Extent |
101p. |
| 500 ## - GENERAL NOTE |
| General note |
RGICS No. 13 |
| 650 ## - SUBJECT ADDED ENTRY--TOPICAL TERM |
| Topical term or geographic name as entry element |
India -- Scheduled tribes. |
| 9 (RLIN) |
14964 |
| 650 ## - SUBJECT ADDED ENTRY--TOPICAL TERM |
| Topical term or geographic name as entry element |
India -- Social conditions. |
| 9 (RLIN) |
14965 |
| 650 ## - SUBJECT ADDED ENTRY--TOPICAL TERM |
| Topical term or geographic name as entry element |
Scheduled tribes in India. |
| 9 (RLIN) |
14966 |